000 00615nam a2200229Ia 4500
003 OSt
005 20220928102048.0
006 a|||||r|||| 00| 0
007 ta
008 220927b |||||||| |||| 00| 0 eng d
024 _a56636
037 _cTextual
040 _aSDCL
_cSDCL
_beng
041 _2eng
_aeng
082 _aO152,3N4282x, N9
100 _aShrivastava Rama Kant
_9396328
245 0 _aBete ko kya batlaoge.
260 _aNew Delhi
_bRadha Krisna
_c1999
300 _a139p
_ccm.
942 _hO152,3N4282x, N9
_cTEXL
_2CC
999 _c712038
_d712038